00233nam a2200097Ia 4500082001200000245001700012100002600029942002000055008004100075999001900116 aEF BOTE 0aThula thula  aBotes, Annelie968062 cBKyzCRON CRON210825s9999 xx 000 0 und d c508800d508799